Qui est ce pilote ? #1 - Statistiques

Statistiques générales
  • Ce quiz a été pris 62 fois
  • Le résultat moyen est 9 sur 16
Statistiques - réponses
Par images Hint Réponse % Correct
Monégasque et vainqueur à domicile en 2024 Charles Leclerc
98%
Champion 2021, 2022 et 2023 Max Verstappen
96%
Son fils est l'actuel champion du monde Jos Verstappen
89%
Victorieux en Italie en 2020, pilote français Pierre Gasly
89%
4x champion avec Red Bull, plus jeune pilote champion Sebastian Vettel
82%
Lui aussi porte le nom d'un des grands champion du monde Ralf Schumacher
79%
Thailandais, il est actuellement chez Williams Alex Albon
70%
Pilote anglais, qui roule actuellement chez Mercedes Georges Russell
61%
Il est le fils de l'un des pilotes les plus titrés Mick Schumacher
57%
Il a créé son écurie dont elle a eue Senna, Prost ou Hunt comme pilote Bruce Mclaren
36%
Il a roulé pour Red Bull en F1 et est actuemment en Hypercar avec Toyota Sébastien Buemi
27%
Il est le tout premier champion de Formule 1 en 1950 Giuseppe Farina
20%
Français avec 7 victoires, il a roulé avec Ferrari et Renault René Arnoux
18%
Champion avec Ferarri en 1964 John Surtees
16%
Ce "SIR" a fini plusieurs fois second sans gagner de titre Stirling Moss
14%
2 autres pilotes portent le même nom que lui, mais il est américan et champion en 1961 Phil Hill
13%
Aucun quiz correspondant
Distribution des résultats
% des personnes avec chaque résultat
Percentile par nombre de réponses
Votre historique - résultats
Vous n’avez pas pris ce quiz